000 00320nam a22001337a 4500
020 _a978-0-7535-3957-6
082 _a158
_bBRI/H
100 _aBRIDGE,RACHEL
245 _aHOW TO MAKE A MILLION BEFORE LUNCH
260 _aLONDON
_bRANDOM HOUSE
300 _a288
650 _aPERSONALITY DEVELOPMENT
_zLONDON
942 _cBK
999 _c5140
_d5140